Concellos - Municipios de Galicia - Estadísticas

Estadísticas generales
  • Esta prueba ha sido intentada 54.926 veces
  • La puntuación promedio es 127 de 313
Respuestas en el mapa
Las respuestas están codificadas por una escala verde-roja en el mapa de la prueba según el % correcto abajo.
 
Estadísticas de respuestas
Municipio % Correcto
A Coruña
94%
Lugo
93%
Vigo
93%
Pontevedra
92%
Santiago de Compostela
92%
Ourense
91%
Ferrol
89%
Fisterra
81%
Tui
81%
Vilagarcía de Arousa
80%
Noia
78%
Sanxenxo
78%
Ribadeo
76%
Cangas de Morrazo
75%
Cee
75%
Muros
75%
Ribeira
75%
Betanzos
73%
Lalín
73%
A Guarda
72%
Carballo
72%
Arteixo
71%
O Grove
71%
Padrón
70%
Viveiro
70%
Foz
69%
Monforte de Lemos
69%
Verín
69%
Baiona
68%
Boiro
68%
A Estrada
67%
Cambados
67%
Marín
67%
Bueu
66%
Oleiros
66%
Arzúa
65%
Moaña
65%
O Barco de Valdeorras
65%
Redondela
65%
A Illa de Arousa
64%
Burela
64%
Muxía
64%
O Porriño
64%
Xinzo de Limia
64%
A Pobra do Caramiñal
63%
Melide
63%
Narón
63%
Nigrán
63%
O Carballiño
62%
O Porto do Son
62%
Ortigueira
62%
Pontedeume
62%
Ames
61%
Cariño
61%
Rianxo
61%
Vilanova de Arousa
61%
Ordes
60%
Sarria
60%
Vilalba
60%
Camariñas
59%
Mondariz
59%
Poio
59%
Allariz
58%
Malpica de Bergantiños
58%
Miño
58%
Mondoñedo
58%
Sada
58%
Silleda
58%
Teo
58%
As Pontes de García Rodríguez
57%
Caldas de Reis
57%
Carnota
57%
Chantada
57%
Ribadavia
57%
Cerceda
56%
Ponteareas
56%
A Fonsagrada
55%
Fene
55%
Mos
55%
Vimianzo
55%
Cedeira
54%
Culleredo
54%
Laxe
54%
Pontecesures
54%
Zas
54%
Cambre
53%
Corcubión
53%
Negreira
53%
Santa Comba
53%
A Laracha
51%
Catoira
51%
Cuntis
51%
Guitiriz
51%
Oia
51%
Palas de Rei
51%
Tomiño
51%
Ares
50%
Cabana de Bergantiños
50%
Curtis
49%
O Rosal
49%
Abegondo
48%
Manzaneda
48%
A Caniza
47%
Avión
47%
Celanova
47%
Gondomar
47%
Ponteceso
47%
Mazaricos
46%
Mondariz Balneario
46%
Mugardos
46%
O Bolo
46%
Outes
46%
Valdoviño
46%
As Neves
45%
O Pino
45%
Boimorto
44%
Ribadumia
44%
Salvaterra de Miño
44%
Vilaboa
44%
A Gudiña
43%
Coristanco
43%
Dumbría
43%
Laza
43%
A Rúa
42%
Bergondo
42%
Carral
42%
Quiroga
42%
Brión
41%
Ponte Caldelas
40%
Portomarín
40%
Rois
40%
Xove
40%
Friol
39%
Meira
39%
Monterroso
39%
Touro
39%
Viana do Bolo
39%
A Arnoia
38%
A Lama
38%
Cervo
38%
Meis
38%
Melón
38%
O Castro de Caldelas
38%
Salceda de Caselas
38%
Soutomaior
38%
Valga
38%
Vedra
38%
Agolada
37%
Cea
37%
Cerdedo Cotobade
37%
Lousame
37%
Meaño
37%
Oroso
37%
Vila de Cruces
37%
A Baña
36%
A Mezquita
36%
A Pobra de Trives
36%
Barreiros
36%
Cabanas
36%
Forcarei
36%
Moraña
36%
Neda
36%
O Irixo
36%
Outeiro de Rei
36%
Pedrafita do Cebreiro
36%
Arbo
35%
Barro
35%
Becerreá
35%
Boqueixón
35%
Lobios
35%
A Pontenova
34%
Dodro
34%
Maceda
34%
Oza Cesuras
34%
Paderne
34%
Bande
33%
Rábade
33%
Val do Dubra
33%
Antas de Ulla
32%
Castro de Rei
32%
O Vicedo
32%
Taboada
32%
As Somozas
31%
Castroverde
31%
Cervantes
31%
Guntín
31%
Lourenzá
31%
Monfero
31%
Sobrado
31%
A Capela
30%
Alfoz do Castrodouro
30%
Folgoso do Courel
30%
Fornelos de Montes
30%
Monterrei
30%
Muras
30%
O Campo Lameiro
30%
San Sadurniño
30%
A Bola
29%
Navia de Suarna
29%
Pastoriza
29%
Trazo
29%
Abadín
28%
A Veiga
28%
Barbadás
28%
Mañón
28%
O Incio
28%
Pol
28%
Portas
28%
Rodeiro
28%
Tordoia
28%
A Pobra do Brollón
27%
Begonte
27%
Cospeito
27%
Dozón
27%
Santiso
27%
Cerdido
26%
Chandrexa de Queixa
26%
Moeche
26%
O Corgo
26%
Ribas de Sil
26%
Samos
26%
Xermade
26%
As Nogais
25%
Baralla
25%
Beade
25%
Coirós
25%
Muíños
25%
O Riós
25%
Pazos de Borbén
25%
Petín
25%
Riotorto
25%
Sober
25%
Triacastela
25%
Vilardevós
25%
Carballeda de Valdeorras
24%
Carballedo
24%
Cortegada
24%
Covelo
24%
Crecente
24%
Entrimo
24%
Frades
24%
Irixoa
24%
Mesía
24%
Negueira de Muñiz
24%
Ourol
24%
O Valadouro
24%
Pantón
24%
Sandiás
24%
Toques
24%
Vilamartín de Valdeorras
24%
Beariz
23%
Calvos de Randín
23%
Castrelo de Miño
23%
Oímbra
23%
O Pereiro de Aguiar
23%
Vilarmaior
23%
Nogueira de Ramuín
22%
Paradela
22%
San Cibrao das Viñas
22%
Toén
22%
Xunqueira de Espadañedo
22%
A Merca
21%
A Peroxa
21%
Aranga
21%
A Ribeira de Piquín
21%
Baltar
21%
Maside
21%
O Saviñao
21%
Parada de Sil
21%
Rubiá
21%
Trabada
21%
Vilariño de Conso
21%
Vilasantar
21%
Xunqueira de Ambía
21%
Amoeiro
20%
Baños de Molgas
20%
Coles
20%
Cualedro
20%
Leiro
20%
O Páramo
20%
Pontedeva
20%
Taboadela
20%
Baleira
19%
Boborás
19%
Bóveda
19%
Carballeda de Avia
19%
Cenlle
19%
Láncara
19%
Lobeira
19%
Vilamarín
19%
Cartelle
18%
Montederramo
18%
Paderne de Allariz
18%
Porqueira
18%
San Xoán de Río
18%
Esgos
17%
Os Blancos
17%
Padrenda
17%
San Amaro
17%
Sarreaus
17%
Vilar de Barrio
17%
A Teixeira
16%
Castrelo do Val
16%
Gomesende
16%
Larouco
16%
Vilar de Santos
16%
Piñor
15%
Trasmiras
15%
Verea
15%
Punxín
14%
Quintela de Leirado
14%
Rairiz de Veiga
14%
Ramirás
14%
No se encontraron pruebas coincidentes
Distribución de puntuación
Porcentaje de gente con cada puntuación
Porcentaje por número respondido
Historial de tus puntuaciones
No has intentado esta prueba.